Normal view
MARC view
Entry Personal Name
001 - CONTROL NUMBER
- control field: 42548
003 - CONTROL NUMBER IDENTIFIER
- control field: ARRUPE
005 - DATE AND TIME OF LATEST TRANSACTION
- control field: 20180925111420.0
008 - FIXED-LENGTH DATA ELEMENTS
- fixed length control field: 180925|| aca||aabn | a|a d
040 ## - CATALOGING SOURCE
- Original cataloging agency: ARRUPE
- Transcribing agency: ARRUPE
100 ## - HEADING--PERSONAL NAME
- Personal name: Shivji, Issa G (ed.)
670 ## - SOURCE DATA FOUND
- Source citation: Work cat.: (ARRUPE): Shivji, Issa G (ed.), The state and the working people in Tanzania, 1986